000 01388nab a22002537a 4500
999 _c5454
_d5454
003 OSt
005 20251023103947.0
008 190603e xxum|||| |||| 00| 0 spa d
040 _cPJ
100 _96137
_aRossi, Marco
245 1 0 _aNo se puede tapar el sol con las manos: el uso seguro de IA llega a la justicia /
_cMarco Rossi, Franco J. Orellana.
260 _cCiudad Autónoma de Buenos Aires :
_aThomson Reuters La Ley,
_b2025.
300 _ap. 65-71
500 _aCita Online: TR LALEY AR/DOC/552/2025.
505 _aSumario: I. Introducción: el avance de la IA en el Poder Judicial.— II. ¿Por qué la resolución marca un punto clave?— III. Definiciones y alcances: ¿qué entiende la norma por IA?— IV. Principios rectores de la regulación y su relación con los datos.— V. ¿Cómo puede influir esta regulación sobre las demás jurisdicciones fuera de la órbita nacional?.
505 _t¿Te interesa el texto completo? Solicitalo al correo: koha@justierradelfuego.gov.ar
650 0 _96081
_aCIENCIA Y TECNOLOGÍA
650 0 _95817
_aINTELIGENCIA ARTIFICIAL
650 0 _9273
_aDERECHO INFORMATICO
650 0 _9217
_aPODER JUDICIAL
700 _96458
_aOrellana, Franco J.
_ecoautora
773 0 _02713
_93170
_dCiudad Autónoma de Buenos Aires : Thomson Reuters La Ley, 2015-
_tRevista Código Civil y Comercial. Nº 2 - Abril 2025
942 _2udc
_cANA